000 01259nam0a22003131 4500
001 rc\2382585
005 20230518165931.0
035 _a(NLR Aleph) 006662605
090 _a4910466
_c4910466
100 _a20110829d1978 |||y0rusy50 ca
101 0 _arus
102 _aRU
105 _aab j |||||
200 1 _aФизическая география СССР
_eУчебник для 7 кл. сред. школы
205 _a4-е изд.
210 _aМосква
_cПросвещение
_d1978
215 _a224 с., 5 л. ил., карт., 1 отд. л. карт.
_cил., карт.
_d22
300 _aНа обороте тит. л. авт.: А.И. Соловьев, Н.Е. Дик, Г.В. Карпов, И.С. Матрусов
701 1 _aКарпов
_bГ. В.
_cканд. геогр. наук
_gГеоргий Владимирович
_3RU\NLR\AUTH\770256098
701 1 _aМатрусов
_bИ. С.
701 1 _aДик
_bН. Е.
701 1 _aСоловьев
_bА. И.
_cд-р геогр. наук
_f1907-1983
_gАлександр Иванович
_3RU\NLR\AUTH\770225026
801 0 _aRU
_bNLR
_gpsbo
801 1 _aRU
_bELAR
_2rusmarc
852 _aNLR
_j77-5/7234
899 _aRuMoRGB
_jM 77-3/517
942 _cBOOK
980 _aNB